| 000 | 00440nam a22001697a 4500 | ||
|---|---|---|---|
| 999 |
_c10070 _d10070 |
||
| 003 | GBCCL | ||
| 005 | 20241126110724.0 | ||
| 008 | 240229b ||||| |||| 00| 0 eng d | ||
| 020 | _a9788194042563 | ||
| 040 | _cgbc | ||
| 082 |
_a234.23 _bWES |
||
| 245 |
_aThe focus of faith / _cBlake Western |
||
| 260 |
_aBangalore, India, _bOmega Book World, _c2019 |
||
| 300 | _a165p. ; | ||
| 650 |
_aFaith _vChristianity _917477 |
||
| 942 |
_2ddc _cBK |
||